000
00294nam a2200121Ia 4500
008
220204s9999 xx 000 0 und d
082
_a
635
_b
WAR
100
_a
WARRING, Ron
245
0
_a
Garden pools and fishponds
260
_a
London
_b
Stanley Paul
_c
1971
650
_a
Fish ponds
942
_c
BK
999
_c
35917
_d
35917